Statistics for Top 100 Football (Soccer) Clubs in the World

Click here to take the quiz!

General Stats

  • This quiz has been taken 1,037 times
    (1,029 since last reset)
  • The average score is 43 of 100

Answer Stats

HintAnswer% Correct
4 ESPReal Madrid
99%
1 ESPBarcelona
98%
3 FRAParis Saint Germain
98%
2 GERBayern Munich
97%
5 ITAJuventus
95%
12 ENGManchester City
94%
27 ENGManchester United
94%
19 ENGChelsea
91%
10 GERBorussia Dortmund
90%
54 ENGLiverpool
90%
33 ITAAC Milan
89%
9 ENGArsenal
89%
6 ESPAtlético Madrid
89%
37 ITAInter Milan
89%
16 PORFC Porto
86%
21 NEDAjax
85%
8 PORBenfica
85%
11 ENGTotteham Hotspur
85%
7 ITASSC Napoli
83%
26 ITARoma
77%
13 NEDPSV Eindhoven
75%
17 ESPSevilla
73%
20 PORSporting Lisbon
73%
76 ESPValencia
68%
42 ITALazio
63%
14 ENGLeicester City
62%
38 ENGEverton
60%
74 FRALyon
60%
46 FRAOlympique Marseille
60%
51 SCOCeltic
59%
18 GERBayer Leverkusen
58%
58 ARGBoca Juniors
53%
97 TURGalatasaray
53%
87 BRASantos
52%
24 UKRShakhtar Donetsk
52%
48 ENGWest Ham United
52%
29 ESPAthletic Bilbao
51%
15 UKRDynamo Kiev
50%
93 SCORangers
50%
49 ARGRiver Plate
50%
40 GERSchalke 04
50%
36 FRAMonaco
47%
32 RUSZenit St. Petersburg
46%
70 RUSCSKA Moskva
44%
41 TURFenerbahçe
43%
30 ITAFiorentina
43%
39 GERWolfsburg
43%
64 BELAnderlecht
42%
66 TURBeşiktaş
40%
56 SRBCrvena Zvezda (Red Star Belgrade)
38%
22 GREOlympiakos
37%
43 SWIBasel
36%
31 CZESparta Prague
36%
90 BELClub Brugge
35%
28 GERBorussia Mönchengladbach
34%
95 CRODinamo Zagreb
34%
99 PORBraga
30%
77 BRASão Paulo
30%
47 GERHertha Berlin
29%
35 ENGSouthampton
29%
23 ESPVillarreal
29%
25 BRACorinthians
28%
68 AUSRed Bull Salzburg
26%
53 BELGent
24%
61 ESPMálaga
23%
50 FRASaint-Étienne
21%
73 ESPDeportivo La Coruña
20%
44 BRAGrêmio
20%
34 CZEViktoria Plzeň
20%
81 COLAtlético Nacional
17%
80 ESPCelta Vigo
16%
85 ENGStoke City
15%
71 MEXTigres
15%
91 BLRBATE Borisov
14%
75 UKRDnipro Dnipropetrovsk
14%
65 BULLudogorets Razgrad
14%
60 CHNGuangzhou Evergrande
13%
59 GERMainz 05
13%
52 ARGRacing Club
13%
89 SAUAl Hilal
12%
78 BRAAtlético Mineiro
12%
69 BRACruzeiro
12%
62 ARGIndependiente
12%
92 GERAugsburg
11%
96 ARGEstudiantes
11%
83 BRAInternacional
11%
98 SLOMaribor
11%
63 ARGSan Lorenzo
9%
82 SAUAl-Ahli
8%
72 MDAFC Sheriff
8%
79 RUSFC Krasnodar
7%
57 ESTFlora Tallinn
7%
67 ARGRosario Central
6%
45 ESTLevadia Tallinn
5%
100 ESPSD Eibar
5%
55 WALThe New Saints
4%
88 ITAEmpoli
3%
86 ECUEmelec
2%
94 BRASport Recife
2%
84 ESTNomme JK Kaliju
0%

Score Distribution

Percentile by Number Answered

Percent of People with Each Score

Your Score History

You have not taken this quiz since the last reset